[Event "Aegean op 37th"]
[Site "Aghios Kirykos"]
[Date "2014.07.17"]
[Round "7"]
[White "Porter, Sam J"]
[Black "Lazaridis, Stavros"]
[Result "0-1"]
[WhiteElo "1937"]
[BlackElo "2060"]
[PlyCount "112"]
[EventDate "2014.07.12"]
[EventType "swiss"]
[EventRounds "9"]
[EventCountry "GRE"]
[SourceTitle "OM OTB B 201907"]
[Source "Opening Master"]
[SourceDate "2019.07.06"]
[SourceVersion "2"]
[SourceVersionDate "2019.07.06"]
[SourceQuality "1"]

1. e4 c5 2. Nf3 Nc6 3. d4 cxd4 4. Nxd4 Nf6 5. Nc3 d6 6. Be2 e5 7. Nb3 Be7 8.
O-O Be6 9. Bf3 h6 10. Be3 O-O 11. Qe2 a6 12. a4 Na5 13. Nxa5 Qxa5 14. Rfd1 Rac8
15. g4 Qb4 16. Rab1 Nd7 17. Nd5 Bxd5 18. Rxd5 Qxa4 19. c3 Qc4 20. Rd3 Rc6 21.
b3 Qe6 22. c4 Qg6 23. Bc1 Nc5 24. Rd5 Ne6 25. Qd3 Rfc8 26. Be3 b6 27. Rd1 Nc7
28. Qe2 b5 29. cxb5 Nxb5 30. R1d3 Nc3 31. Rxc3 Rxc3 32. Qxa6 Qf6 33. Be2 Rb8
34. Bd1 Qh4 35. Rd3 Rc7 36. Bd2 Rcb7 37. b4 Rb6 38. Qc4 Bg5 39. Be1 Bf4 40. h3
Qe7 41. Ba4 R6b7 42. Bc6 Ra7 43. b5 Ra1 44. Kf1 Qc7 45. Qc3 Rc1 46. Qa3 Rd8 47.
Ke2 Rxc6 48. bxc6 Qxc6 49. f3 Ra8 50. Qxd6 Ra2+ 51. Kf1 Qc2 52. Qd8+ Kh7 53.
Rd2 Bxd2 54. Qd7 Qc4+ 55. Kg1 Be3+ 56. Bf2 Bxf2+ 0-1

[Event "Warsaw Najdorf Memorial op-A 12th"]
[Site "Warsaw"]
[Date "2014.07.15"]
[Round "2"]
[White "Dionisi, Thomas"]
[Black "Durarbayli, Vasif"]
[Result "0-1"]
[WhiteElo "2393"]
[BlackElo "2590"]
[PlyCount "96"]
[EventDate "2014.07.14"]
[EventType "swiss"]
[EventRounds "9"]
[EventCountry "POL"]
[SourceTitle "OM OTB B 201907"]
[Source "Opening Master"]
[SourceDate "2019.07.06"]
[SourceVersion "2"]
[SourceVersionDate "2019.07.06"]
[SourceQuality "1"]

1. e4 c5 2. Nf3 d6 3. d4 cxd4 4. Nxd4 Nf6 5. Nc3 Nc6 6. Be2 e5 7. Nf3 Be7 8.
O-O h6 9. h3 Be6 10. Re1 Rc8 11. Bf1 Qa5 12. Bd2 Qc7 13. Nb5 Qd7 14. c4 O-O 15.
Rc1 Bd8 16. Bc3 Ne8 17. c5 Be7 18. cxd6 Nxd6 19. Bxe5 Nxb5 20. Bxb5 Qxd1 21.
Rcxd1 Nxe5 22. Nxe5 Rc5 23. Nd7 Rxb5 24. Nxf8 Kxf8 25. b3 g5 26. Kh2 Ra5 27.
Re2 Rc5 28. Rd3 Bf6 29. g3 Be5 30. Kg2 Ke7 31. Red2 Rc8 32. Rd1 h5 33. f3 h4
34. g4 Bf4 35. Rf1 a5 36. Rf2 b5 37. Rb2 Rc1 38. Re2 Be5 39. Red2 Rc8 40. Re2
Kf6 41. Red2 Bf4 42. Rb2 Ke5 43. Re2 Bc1 44. Kf2 Ba3 45. Red2 Bc5+ 46. Ke2 Bb4
47. Rb2 Kf4 48. Re3 Rc1 0-1

[Event "FICS rated standard game"]
[Site "FICS freechess.org"]
[Date "2014.07.15"]
[Round "?"]
[White "xiebiao"]
[Black "tentacle"]
[Result "0-1"]
[WhiteElo "2026"]
[BlackElo "2337"]
[PlyCount "66"]
[EventDate "2014.??.??"]

1. e4 c5 2. Nf3 d6 3. d4 cxd4 4. Nxd4 Nf6 5. Nc3 Nc6 6. Be2 e5 7. Nb3 Be7 8.
Be3 O-O 9. g4 a5 10. a4 Be6 11. Nd5 Nxe4 12. Bb6 Qc8 13. Nxe7+ Nxe7 14. f3 Qc6
15. Be3 Nd5 16. Bc1 Nb4 17. c3 Nxc3 18. bxc3 Qxc3+ 19. Bd2 Nc2+ 20. Kf2 Qxb3
21. Rb1 Qxa4 22. Kg3 Bb3 23. Qf1 Bd5 24. Bb5 Qa2 25. Bc3 f5 26. Rb2 Ne3 27. Qd3
Qa3 28. f4 exf4+ 29. Kxf4 fxg4+ 30. Kg5 h6+ 31. Kh5 Rf3 32. Re1 Bf7+ 33. Kh4
g5# 0-1

[Event "Heart of Finland op 24th"]
[Site "Jyvaskyla"]
[Date "2014.07.12"]
[Round "8"]
[White "Iivonen, Markku"]
[Black "Kopasov, Evgeny Aleksandrovi"]
[Result "0-1"]
[WhiteElo "2044"]
[BlackElo "1957"]
[PlyCount "60"]
[EventDate "2014.07.07"]
[EventType "swiss"]
[EventRounds "9"]
[EventCountry "FIN"]
[SourceTitle "OM OTB B 201907"]
[Source "Opening Master"]
[SourceDate "2019.07.06"]
[SourceVersion "2"]
[SourceVersionDate "2019.07.06"]
[SourceQuality "1"]

1. e4 c5 2. Nf3 d6 3. d4 cxd4 4. Nxd4 Nf6 5. Nc3 Nc6 6. Be2 e5 7. Nxc6 bxc6 8.
Bg5 Be7 9. Qd3 O-O 10. O-O Be6 11. Rad1 Ne8 12. Bxe7 Qxe7 13. f4 exf4 14. Rxf4
Rd8 15. Qa6 Qc7 16. Na4 Nf6 17. g3 Nd7 18. b3 Ne5 19. Bf1 g5 20. Rf6 Kg7 21.
Rf2 Bc8 22. Qe2 Bg4 23. Qd2 Bxd1 24. Qxd1 f6 25. Bh3 g4 26. Bxg4 Nxg4 27. Qxg4+
Kh8 28. c4 Qg7 29. Qe6 Qf7 30. Qg4 Qg6 0-1

[Event "Gyor op-A 5th"]
[Site "Gyor"]
[Date "2014.07.11"]
[Round "5"]
[White "Bartok, Zoltan"]
[Black "Vasvari, Attila"]
[Result "1-0"]
[WhiteElo "1920"]
[BlackElo "1669"]
[PlyCount "59"]
[EventDate "2014.07.09"]
[EventType "swiss"]
[EventRounds "9"]
[EventCountry "HUN"]
[SourceTitle "OM OTB B 201907"]
[Source "Opening Master"]
[SourceDate "2019.07.06"]
[SourceVersion "2"]
[SourceVersionDate "2019.07.06"]
[SourceQuality "1"]

1. e4 c5 2. Nf3 Nc6 3. d4 cxd4 4. Nxd4 Nf6 5. Nc3 d6 6. Be2 e5 7. Nb3 Be7 8.
Bg5 h6 9. Be3 Be6 10. Qd2 Ng4 11. Bxg4 Bxg4 12. Nd5 Bg5 13. O-O Bxe3 14. Nxe3
Be6 15. Rad1 Ke7 16. f4 exf4 17. Rxf4 Qc7 18. Kh1 Rhd8 19. Nd5+ Bxd5 20. exd5
Ne5 21. Rdf1 Rac8 22. c3 f6 23. Nd4 Qa5 24. Ne6 Rg8 25. a3 Rc4 26. Nd4 Kd7 27.
Ne6 Rxf4 28. Rxf4 Qb5 29. h3 Nd3 30. c4 1-0

[Event "GRE-ch U12"]
[Site "Greece"]
[Date "2014.07.10"]
[Round "9"]
[White "Vardakas, Grigorios"]
[Black "Triantos, Konstantinos"]
[Result "0-1"]
[WhiteElo "1592"]
[BlackElo "1540"]
[PlyCount "108"]
[EventDate "2014.07.04"]
[EventType "swiss"]
[EventRounds "9"]
[EventCountry "GRE"]
[SourceTitle "OM OTB B 201907"]
[Source "Opening Master"]
[SourceDate "2019.07.06"]
[SourceVersion "2"]
[SourceVersionDate "2019.07.06"]
[SourceQuality "1"]

1. e4 c5 2. Nf3 d6 3. d4 cxd4 4. Nxd4 Nc6 5. Nc3 Nf6 6. Be2 e5 7. Nb3 Be7 8.
O-O O-O 9. Kh1 a5 10. a4 Nb4 11. f4 Bd7 12. Be3 Bc6 13. Bd3 b6 14. Qe2 Qc7 15.
fxe5 dxe5 16. Bg5 Nxd3 17. cxd3 Qd7 18. Bxf6 Bxf6 19. Rf3 Qe6 20. Nd2 Bg5 21.
Nc4 Rab8 22. Rf5 Bf4 23. Rh5 g6 24. Rh3 Rfd8 25. Ne3 Bxe3 26. Qxe3 f5 27. exf5
Qxf5 28. Ne4 Bxe4 29. dxe4 Qe6 30. Rf1 Qc4 31. Rhf3 Rf8 32. Rxf8+ Rxf8 33.
Rxf8+ Kxf8 34. Qxb6 Qc1+ 35. Qg1 Qxg1+ 36. Kxg1 Ke7 37. Kf2 Kd6 38. Ke3 Kc5 39.
Kd3 Kb4 40. g4 Kb3 41. g5 Kb4 42. h3 Kb3 43. h4 Kb4 44. Kc2 Kxa4 45. Kc3 Kb5
46. Kb3 a4+ 47. Ka3 Ka5 48. b3 axb3 49. Kxb3 Kb5 50. Kc3 Kc5 51. Kd3 Kb4 52.
Ke3 Kc3 53. Kf3 Kd3 54. h5 Kd4 0-1

[Event "Amsterdam Chess Tournament - BCD"]
[Site "?"]
[Date "2014.07.09"]
[Round "?"]
[White "Frans, Richard"]
[Black "Kleeman, David"]
[Result "1/2-1/2"]
[WhiteElo "1931"]
[BlackElo "1976"]
[PlyCount "57"]
[EventDate "2014.??.??"]
[SourceTitle "OM OTB B 201907"]
[Source "Opening Master"]
[SourceDate "2019.07.06"]
[SourceVersion "2"]
[SourceVersionDate "2019.07.06"]
[SourceQuality "1"]

1. e4 c5 2. Nf3 Nc6 3. d4 cxd4 4. Nxd4 Nf6 5. Nc3 d6 6. Be2 e5 7. Nb3 Be7 8.
Be3 O-O 9. g4 Be6 10. g5 Ne8 11. Qd2 Nc7 12. O-O-O a5 13. Kb1 a4 14. Nc1 b5 15.
h4 Na5 16. h5 b4 17. Nxa4 d5 18. Bb6 d4 19. f4 Nc4 20. Bxc4 Bxc4 21. b3 Qb8 22.
fxe5 Nb5 23. Ka1 Nc3 24. Nxc3 dxc3 25. Qe3 Bxg5 26. Qxg5 Qxb6 27. h6 g6 28. Rd6
f6 29. Rxb6 1/2-1/2

[Event "Lazy op 10th"]
[Site "Lazy"]
[Date "2014.07.07"]
[Round "8"]
[White "Licznerski, Lukasz"]
[Black "Sharapov, Evgeny"]
[Result "1-0"]
[WhiteElo "2344"]
[BlackElo "2377"]
[PlyCount "105"]
[EventDate "2014.06.29"]
[EventType "swiss"]
[EventRounds "9"]
[EventCountry "POL"]
[SourceTitle "OM OTB B 201907"]
[Source "Opening Master"]
[SourceDate "2019.07.06"]
[SourceVersion "2"]
[SourceVersionDate "2019.07.06"]
[SourceQuality "1"]

1. e4 c5 2. Nf3 d6 3. d4 cxd4 4. Nxd4 Nf6 5. Nc3 Nc6 6. Be2 e5 7. Nf3 h6 8. O-O
Be7 9. Re1 O-O 10. h3 Be6 11. Bf1 Qd7 12. b3 Nh7 13. Nd5 Ng5 14. Nxe7+ Qxe7 15.
Nxg5 hxg5 16. Qd2 g4 17. hxg4 Bxg4 18. Ba3 Rfd8 19. f3 Be6 20. Rad1 Qf6 21. c4
Nd4 22. Re3 Rd7 23. Rd3 Rad8 24. Qf2 Qg6 25. Bb2 Nc6 26. Ba3 Nd4 27. R3d2 b6
28. Re1 f5 29. Bb2 Nc6 30. exf5 Bxf5 31. Qe3 Nb4 32. Red1 Nc6 33. Bc3 Qf7 34.
Bd3 Bxd3 35. Qxd3 d5 36. cxd5 Nd4 37. Bxd4 Qxd5 38. Qe3 exd4 39. Qd3 Rd6 40.
Kf2 Qg5 41. Qc4+ Qd5 42. Qd3 Qe5 43. Re2 Qh5 44. Re4 Qc5 45. Rh4 Qa5 46. Rdh1
Kf7 47. Rf4+ Rf6 48. Rhh4 Qxa2+ 49. Kg3 Rdd6 50. Qc4+ Ke7 51. Qc7+ Ke6 52.
Rxf6+ gxf6 53. Rh7 1-0

[Event "Sharjah op rapid"]
[Site "Sharjah"]
[Date "2014.07.07"]
[Round "6"]
[White "Hamdan, Marshool"]
[Black "De Seroux, Camille"]
[Result "0-1"]
[WhiteElo "1749"]
[BlackElo "2106"]
[PlyCount "106"]
[EventDate "2014.07.05"]
[EventType "swiss"]
[EventRounds "9"]
[EventCountry "UAE"]
[SourceTitle "OM OTB B 201907"]
[Source "Opening Master"]
[SourceDate "2019.07.06"]
[SourceVersion "2"]
[SourceVersionDate "2019.07.06"]
[SourceQuality "1"]

1. e4 c5 2. Nf3 d6 3. d4 cxd4 4. Nxd4 Nf6 5. Nc3 Nc6 6. Be2 e5 7. Nxc6 bxc6 8.
O-O Be7 9. Bg5 h6 10. Bh4 O-O 11. Qd2 Qb6 12. Na4 Qc7 13. c4 Nxe4 14. Qe3 Bxh4
15. Qxe4 Be7 16. Bf3 Bd7 17. Rfe1 f5 18. Qc2 Rab8 19. b3 Be6 20. Rad1 Rbd8 21.
Qb2 Bf6 22. Qc1 e4 23. Bh5 Be5 24. g3 Qa5 25. f3 d5 26. cxd5 cxd5 27. f4 Bf6
28. Qc5 Qxc5+ 29. Nxc5 Bc8 30. Be2 g6 31. b4 Bc3 32. Rf1 Bxb4 33. Na6 Ba5 34.
Rc1 d4 35. Rc6 d3 36. Rxg6+ Kh7 37. Bh5 Bb6+ 38. Rxb6 axb6 39. Nb4 Be6 40. Rc1
Rc8 41. Nc6 Bd7 42. Bg6+ Kxg6 43. Ne5+ Kg7 44. Rb1 Rc7 45. Rxb6 d2 46. Rg6+ Kh7
47. Rd6 d1=Q+ 48. Rxd1 Be6 49. a4 Ra8 50. Rd6 Bb3 51. Rf6 Rxa4 52. Rxf5 Ra2 53.
Nc4 Rxc4 0-1

[Event "Sharjah op rapid"]
[Site "Sharjah"]
[Date "2014.07.06"]
[Round "3"]
[White "Devendra, Kumar2"]
[Black "Magerramov, Elmar"]
[Result "0-1"]
[WhiteElo "2072"]
[BlackElo "2518"]
[PlyCount "98"]
[EventDate "2014.07.05"]
[EventType "swiss"]
[EventRounds "9"]
[EventCountry "UAE"]
[SourceTitle "OM OTB B 201907"]
[Source "Opening Master"]
[SourceDate "2019.07.06"]
[SourceVersion "2"]
[SourceVersionDate "2019.07.06"]
[SourceQuality "1"]

1. e4 c5 2. Nf3 Nc6 3. Nc3 d6 4. d4 cxd4 5. Nxd4 Nf6 6. Be2 e5 7. Nb3 Be7 8.
O-O O-O 9. Be3 Be6 10. Kh1 Rc8 11. f4 exf4 12. Bxf4 Ne8 13. Nd5 Bg5 14. Bg3 Ne5
15. Nd4 Bxd5 16. exd5 g6 17. b3 Nf6 18. c4 Ne4 19. Be1 Qb6 20. Nf3 Bf6 21. Nxe5
Bxe5 22. Rc1 a5 23. Bf3 Nc5 24. Bf2 Qb4 25. Bxc5 Qxc5 26. Qd2 Rce8 27. Rcd1 b6
28. Rfe1 Re7 29. Qe3 Qc7 30. Qf2 Rfe8 31. Re2 Bc3 32. Rxe7 Rxe7 33. g3 Bb4 34.
Kg2 Re5 35. Qd4 Bc5 36. Qd2 Qe7 37. Rf1 h5 38. Kh1 Re3 39. Qd1 Qe5 40. Qd2 h4
41. gxh4 Qf4 42. h5 g5 43. Bg2 Qh4 44. Qd1 g4 45. h6 Re5 46. Qd2 Rh5 47. Qf4 f5
48. a4 Rxh6 49. Rd1 Be3 0-1

[Event "Wroclaw op 9th"]
[Site "Wroclaw"]
[Date "2014.07.05"]
[Round "9"]
[White "Starczewska, Dominika"]
[Black "Grela, Kacper"]
[Result "1/2-1/2"]
[WhiteElo "1981"]
[BlackElo "2007"]
[PlyCount "43"]
[EventDate "2014.06.29"]
[EventType "swiss"]
[EventRounds "9"]
[EventCountry "POL"]
[SourceTitle "OM OTB B 201907"]
[Source "Opening Master"]
[SourceDate "2019.07.06"]
[SourceVersion "2"]
[SourceVersionDate "2019.07.06"]
[SourceQuality "1"]

1. e4 c5 2. Nf3 Nc6 3. d4 cxd4 4. Nxd4 Nf6 5. Nc3 d6 6. Be2 e5 7. Nb3 Be7 8.
O-O O-O 9. Be3 a5 10. f3 a4 11. Nd2 a3 12. Nc4 axb2 13. Nxb2 Be6 14. Nc4 Nd4
15. Bxd4 exd4 16. Qxd4 d5 17. exd5 Nxd5 18. Nxd5 Qxd5 19. Qxd5 Bxd5 20. Nd2 Bf6
21. Rab1 Rxa2 22. Bd3 1/2-1/2

[Event "GRE-chT 42nd"]
[Site "Porto Rio"]
[Date "2014.07.01"]
[Round "5.5"]
[White "Brunello, Marina"]
[Black "Zawadzka, Jolanta"]
[Result "1/2-1/2"]
[WhiteElo "2315"]
[BlackElo "2397"]
[PlyCount "70"]
[EventDate "2014.06.28"]
[EventType "team-swiss"]
[EventRounds "7"]
[EventCountry "GRE"]
[SourceTitle "OM OTB B 201907"]
[Source "Opening Master"]
[SourceDate "2019.07.06"]
[SourceVersion "2"]
[SourceVersionDate "2019.07.06"]
[SourceQuality "1"]

1. e4 c5 2. Nf3 Nc6 3. d4 cxd4 4. Nxd4 Nf6 5. Nc3 d6 6. Be2 e5 7. Nf3 h6 8. O-O
Be7 9. Re1 O-O 10. h3 Be6 11. Bf1 Nb8 12. b3 a6 13. a4 Nbd7 14. Bb2 Rc8 15. Nd2
Qc7 16. Nc4 Qc6 17. a5 Rfe8 18. Qf3 Bf8 19. Rad1 b5 20. axb6 Nxb6 21. Ne3 Nbd7
22. Ra1 Ra8 23. Nc4 Rec8 24. Na4 Nxe4 25. Qxe4 d5 26. Nxe5 dxe4 27. Nxc6 Rxc6
28. Rxe4 Rxc2 29. Bc4 Nc5 30. Nxc5 Bxc5 31. Re2 Rxe2 32. Bxe2 Bxb3 33. Bxa6 Rd8
34. Bc3 Rd1+ 35. Rxd1 Bxd1 1/2-1/2

[Event "GRE-chT 42nd"]
[Site "Porto Rio"]
[Date "2014.07.01"]
[Round "5.5"]
[White "Markantonaki, Haritomeni"]
[Black "Ohme, Melanie"]
[Result "1/2-1/2"]
[WhiteElo "2168"]
[BlackElo "2352"]
[PlyCount "154"]
[EventDate "2014.06.28"]
[EventType "team-swiss"]
[EventRounds "7"]
[EventCountry "GRE"]
[SourceTitle "OM OTB B 201907"]
[Source "Opening Master"]
[SourceDate "2019.07.06"]
[SourceVersion "2"]
[SourceVersionDate "2019.07.06"]
[SourceQuality "1"]

1. e4 c5 2. Nf3 d6 3. d4 cxd4 4. Nxd4 Nf6 5. Nc3 Nc6 6. Be2 e5 7. Nf3 h6 8. O-O
Be7 9. Re1 O-O 10. h3 Be6 11. Bf1 Nb8 12. b3 Nbd7 13. Bb2 a6 14. a4 Rc8 15. Nd2
Nc5 16. a5 b5 17. axb6 Qxb6 18. Nc4 Qb8 19. Qf3 Nh7 20. Ne3 Ng5 21. Qd1 Ngxe4
22. Ned5 Bxd5 23. Nxd5 Bd8 24. b4 f5 25. Bc1 Nb7 26. Bxa6 Kh8 27. Be3 f4 28.
Bb6 Nc3 29. Qd2 Nxd5 30. Bxd8 Nxb4 31. Qxb4 Nxd8 32. Qe4 Rc7 33. Reb1 d5 34.
Qxe5 Qa7 35. Bd3 Qc5 36. Rb5 Qc3 37. Qxc3 Rxc3 38. Ra8 Ne6 39. Rxf8+ Nxf8 40.
Rxd5 g5 41. h4 gxh4 42. Rf5 Ne6 43. Rf6 Nd4 44. Rxh6+ Kg7 45. Rxh4 Ne6 46. Kh2
Kf6 47. g3 Kg5 48. Rh8 fxg3+ 49. fxg3 Nd4 50. Rg8+ Kf6 51. g4 Nxc2 52. Be4 Ne3
53. Bh7 Nxg4+ 54. Rxg4 Rc5 55. Rf4+ Ke5 56. Rf3 Rc7 57. Bb1 Rg7 58. Kh3 Rg1 59.
Bf5 Rg7 60. Kh4 Rg1 61. Bg4 Ke4 62. Kg5 Ra1 63. Rf4+ Ke3 64. Rb4 Rf1 65. Bf5
Rg1+ 66. Kf6 Ra1 67. Rb5 Kd4 68. Rb3 Ra6+ 69. Be6 Ra5 70. Rh3 Ke4 71. Rh4+ Ke3
72. Bf5 Ra6+ 73. Kg5 Ra1 74. Re4+ Kf3 75. Rf4+ Ke3 76. Rb4 Rg1+ 77. Bg4 Rf1
1/2-1/2

[Event "Klatovy op"]
[Site "Klatovy"]
[Date "2014.07.01"]
[Round "4"]
[White "Vlasak, Lukas"]
[Black "Simunek, Filip"]
[Result "1-0"]
[WhiteElo "2375"]
[BlackElo "2137"]
[PlyCount "35"]
[EventDate "2014.06.28"]
[EventType "swiss"]
[EventRounds "9"]
[EventCountry "CZE"]
[SourceTitle "OM OTB B 201907"]
[Source "Opening Master"]
[SourceDate "2019.07.06"]
[SourceVersion "2"]
[SourceVersionDate "2019.07.06"]
[SourceQuality "1"]

1. e4 c5 2. Nf3 d6 3. d4 cxd4 4. Nxd4 Nf6 5. Nc3 Nc6 6. Be2 e5 7. Nb3 Be7 8.
O-O O-O 9. Be3 Be6 10. f3 d5 11. exd5 Nxd5 12. Nxd5 Qxd5 13. Qxd5 Bxd5 14. Rfd1
Rfd8 15. c3 f6 16. Rxd5 Rxd5 17. Bc4 Rad8 18. Rd1 1-0

[Event "FICS rated standard game"]
[Site "FICS freechess.org"]
[Date "2014.06.25"]
[Round "?"]
[White "Jiafei"]
[Black "Chumby"]
[Result "1-0"]
[WhiteElo "2102"]
[BlackElo "2262"]
[PlyCount "93"]
[EventDate "2014.??.??"]

1. e4 c5 2. Nf3 d6 3. d4 cxd4 4. Nxd4 Nf6 5. Nc3 Nc6 6. Be2 e5 7. Nb3 Be7 8.
Be3 O-O 9. O-O Be6 10. f4 a5 11. f5 Bd7 12. a4 Nb4 13. Kh1 Bc6 14. Bf3 d5 15.
exd5 Nfxd5 16. Nxd5 Bxd5 17. c3 e4 18. Be2 Nd3 19. Bxd3 exd3 20. Bd4 Bf6 21.
Bxf6 Qxf6 22. Nd4 Qg5 23. Rf2 Qe3 24. Qd2 Rfe8 25. Qxe3 Rxe3 26. Rd2 Ra6 27.
Kg1 h6 28. Kf2 Re8 29. Rxd3 Re5 30. Rdd1 Rb6 31. b3 g6 32. Re1 Rxe1 33. Rxe1
gxf5 34. c4 Be4 35. g4 Kh7 36. gxf5 Bxf5 37. Nxf5 Rf6 38. Re5 Kg6 39. Rxa5
Rxf5+ 40. Rxf5 Kxf5 41. Ke3 Ke6 42. Ke4 b6 43. b4 h5 44. h4 Kd7 45. Kf5 Kd8 46.
Kg5 Ke7 47. Kxh5 1-0

[Event "Pan American-ch U20 Girls"]
[Site "Asuncion"]
[Date "2014.06.21"]
[Round "1"]
[White "Zavala Galindo, Alejandra Beatri"]
[Black "Jorquera Cabello, Valentina Paz"]
[Result "0-1"]
[WhiteElo "1807"]
[BlackElo "1976"]
[PlyCount "66"]
[EventDate "2014.06.21"]
[EventType "swiss"]
[EventRounds "9"]
[EventCountry "PAR"]
[SourceTitle "OM OTB B 201907"]
[Source "Opening Master"]
[SourceDate "2019.07.06"]
[SourceVersion "2"]
[SourceVersionDate "2019.07.06"]
[SourceQuality "1"]

1. e4 c5 2. Nf3 d6 3. d4 cxd4 4. Nxd4 Nf6 5. Nc3 Nc6 6. Be2 e5 7. Nb3 a5 8. a4
Be6 9. Be3 Be7 10. O-O O-O 11. f4 Nb4 12. Bf3 exf4 13. Bxf4 Nxc2 14. Qxc2 Qb6+
15. Kh1 Bxb3 16. Qd2 Rfd8 17. Rfe1 Nd7 18. Nb5 Nc5 19. Nc3 Bf6 20. Be3 Qb4 21.
Rac1 Be6 22. Nd5 Bxd5 23. Qxd5 Rac8 24. Rc4 Qxb2 25. Rec1 Qa3 26. Bd4 Bxd4 27.
Qxd4 Ne6 28. Qd5 Rc5 29. Rxc5 dxc5 30. Qc4 Rd4 31. Qe2 Qxa4 32. Qb2 Qb4 33. Qc2
g6 0-1

[Event "Schweinfurt op 24th"]
[Site "Schweinfurt"]
[Date "2014.06.20"]
[Round "3"]
[White "Weber, Bernhard"]
[Black "Heinrich, Michael"]
[Result "1-0"]
[WhiteElo "1941"]
[BlackElo "1653"]
[PlyCount "77"]
[EventDate "2014.06.19"]
[EventType "swiss"]
[EventRounds "7"]
[EventCountry "GER"]
[SourceTitle "OM OTB B 201907"]
[Source "Opening Master"]
[SourceDate "2019.07.06"]
[SourceVersion "2"]
[SourceVersionDate "2019.07.06"]
[SourceQuality "1"]

1. e4 c5 2. Nf3 Nc6 3. d4 cxd4 4. Nxd4 Nf6 5. Nc3 d6 6. Be2 e5 7. Nf3 Be6 8.
Bg5 Be7 9. O-O O-O 10. Re1 a6 11. a3 Qc7 12. Bxf6 Bxf6 13. Nd5 Bxd5 14. Qxd5
Ne7 15. Qb3 Rfd8 16. Rad1 Rac8 17. c3 Qc6 18. Bf1 Ng6 19. g3 Rc7 20. h4 Nf8 21.
Nh2 Ne6 22. Ng4 Be7 23. Bg2 Nc5 24. Qc2 h5 25. Ne3 Bf8 26. Nd5 Rcc8 27. Qe2 g6
28. Qf3 Nd7 29. Bh3 Kg7 30. Kh2 Rb8 31. Rg1 Nb6 32. Ne3 Be7 33. g4 Bxh4 34.
gxh5 d5 35. Nf5+ Kf8 36. hxg6 dxe4 37. g7+ Kg8 38. Qh5 f6 39. Ne7# 1-0

[Event "Palanga Baltija op-A"]
[Site "Palanga"]
[Date "2014.06.19"]
[Round "6"]
[White "Vaitkevicius, Paulius"]
[Black "Vanagaite, Giedre"]
[Result "1/2-1/2"]
[WhiteElo "1852"]
[BlackElo "2044"]
[PlyCount "40"]
[EventDate "2014.06.16"]
[EventType "swiss"]
[EventRounds "9"]
[EventCountry "LTU"]
[SourceTitle "OM OTB B 201907"]
[Source "Opening Master"]
[SourceDate "2019.07.06"]
[SourceVersion "2"]
[SourceVersionDate "2019.07.06"]
[SourceQuality "1"]

1. e4 c5 2. Nf3 Nc6 3. d4 cxd4 4. Nxd4 Nf6 5. Nc3 d6 6. Be2 e5 7. Nb3 Be7 8.
O-O O-O 9. Be3 Be6 10. Bf3 Na5 11. Nxa5 Qxa5 12. Qd2 Kh8 13. Rfd1 a6 14. Bg5
Rfd8 15. Rac1 Rac8 16. a3 h6 17. Be3 Kh7 18. Nd5 Qxd2 19. Nxf6+ Bxf6 20. Rxd2
Rc6 1/2-1/2

[Event "FICS rated standard game"]
[Site "FICS freechess.org"]
[Date "2014.06.18"]
[Round "?"]
[White "daustrgn"]
[Black "doctorweb"]
[Result "0-1"]
[WhiteElo "2179"]
[BlackElo "2380"]
[PlyCount "56"]
[EventDate "2014.??.??"]

1. e4 c5 2. Nf3 d6 3. d4 cxd4 4. Nxd4 Nf6 5. Nc3 Nc6 6. Be2 e5 7. Nb3 Be7 8.
Be3 O-O 9. f3 Be6 10. Qd2 d5 11. exd5 Nxd5 12. Nxd5 Bxd5 13. O-O-O Be6 14. Kb1
Qc7 15. Nc5 Bf5 16. g4 Rfd8 17. Qc3 Nd4 18. gxf5 Nxe2 19. Rxd8+ Rxd8 20. Qe1
Bxc5 21. Qxe2 Bxe3 22. Qxe3 Qd7 23. f6 gxf6 24. Rg1+ Kf8 25. a3 Qd4 26. Qh6+
Ke7 27. Rg7 Qd1+ 28. Ka2 Qxc2 0-1

[Event "Manyanani"]
[Site "Manyanani"]
[Date "2014.06.16"]
[Round "7"]
[White "Hoossen, Erfaan"]
[Black "Baloyi, Siphiwe"]
[Result "1/2-1/2"]
[WhiteElo "1755"]
[BlackElo "1956"]
[PlyCount "52"]
[EventDate "2014.06.14"]
[EventType "swiss"]
[EventRounds "7"]
[EventCountry "RSA"]
[SourceTitle "OM OTB B 201907"]
[Source "Opening Master"]
[SourceDate "2019.07.06"]
[SourceVersion "2"]
[SourceVersionDate "2019.07.06"]
[SourceQuality "1"]

1. e4 c5 2. Nf3 Nc6 3. d4 cxd4 4. Nxd4 Nf6 5. Nc3 d6 6. Be2 e5 7. Nb3 Be6 8.
Be3 Be7 9. Qd2 O-O 10. Rd1 a5 11. O-O a4 12. Nc1 Kh8 13. f3 Qa5 14. a3 Na7 15.
Nd3 d5 16. Nxd5 Qxd2 17. Rxd2 Bxd5 18. exd5 Nxd5 19. Bxa7 Rxa7 20. Nxe5 Ne3 21.
Re1 Bg5 22. Rd7 Nxc2 23. Nxf7+ Kg8 24. Nxg5 Nxe1 25. Bc4+ Kh8 26. Nf7+ Kg8
1/2-1/2

[Event "FICS rated standard game"]
[Site "FICS freechess.org"]
[Date "2014.06.13"]
[Round "?"]
[White "daustrgn"]
[Black "Chumby"]
[Result "1-0"]
[WhiteElo "2387"]
[BlackElo "2317"]
[PlyCount "49"]
[EventDate "2014.??.??"]

1. e4 c5 2. Nf3 Nc6 3. d4 cxd4 4. Nxd4 Nf6 5. Nc3 d6 6. Be2 e5 7. Nf3 h6 8. O-O
Be7 9. Re1 O-O 10. h3 Be6 11. Bf1 Rc8 12. Nd5 Bxd5 13. exd5 Nb8 14. c4 Qc7 15.
a4 Nbd7 16. Nd4 Nc5 17. Nb5 Qa5 18. Bd2 Qa6 19. b4 Nce4 20. Be3 Rfe8 21. a5
Red8 22. Nc7 Rxc7 23. b5 Nxd5 24. cxd5 Qxa5 25. Rxa5 1-0

[Event "SA-00410"]
[Site "LSS"]
[Date "2014.06.12"]
[Round "?"]
[White "Lubas, Jozef"]
[Black "Kopasov, EvgenyAlexandrovich"]
[Result "0-1"]
[WhiteElo "2161"]
[BlackElo "2237"]
[PlyCount "66"]
[EventDate "2014.05.13"]
[SourceTitle "LSS to Dec2020"]
[Source "LSS ed TH"]
[SourceDate "2021.01.12"]
[SourceVersion "3"]
[SourceVersionDate "2021.01.12"]
[SourceQuality "1"]

1. e4 c5 2. Nf3 d6 3. d4 cxd4 4. Nxd4 Nf6 5. Nc3 Nc6 6. Be2 e5 7. Nf3 h6 8. O-O
Be7 9. Re1 O-O 10. h3 Be6 11. Bf1 Rc8 12. Nd5 Bxd5 13. exd5 Nb8 14. Nh4 Re8 15.
Nf5 Bf8 16. Be3 Nbd7 17. c4 h5 18. Qf3 g6 19. Nh6+ Kg7 20. g4 hxg4 21. hxg4 e4
22. Qf4 Ne5 23. Kg2 Ng8 24. g5 Nxh6 25. gxh6+ Kh7 26. Be2 f5 27. Rac1 Be7 28.
Rh1 Nf7 29. Qg3 Bf6 30. b3 Be5 31. Bf4 Qf6 32. Bxe5 Rxe5 33. Qf4 g5 0-1

[Event "BIH-chT 13th"]
[Site "Neum"]
[Date "2014.06.11"]
[Round "5.2"]
[White "Muratovic, Enver"]
[Black "Stojanovic, Dalibor"]
[Result "1/2-1/2"]
[WhiteElo "2281"]
[BlackElo "2493"]
[PlyCount "55"]
[EventDate "2014.06.07"]
[EventType "team-tourn"]
[EventRounds "9"]
[EventCountry "BIH"]
[SourceTitle "OM OTB B 201907"]
[Source "Opening Master"]
[SourceDate "2019.07.06"]
[SourceVersion "2"]
[SourceVersionDate "2019.07.06"]
[SourceQuality "1"]

1. e4 c5 2. Nf3 Nc6 3. d4 cxd4 4. Nxd4 Nf6 5. Nc3 d6 6. Be2 e5 7. Nb3 Be7 8.
Be3 O-O 9. O-O a5 10. a4 Be6 11. Kh1 Nb4 12. f4 Rc8 13. f5 Bxb3 14. cxb3 d5 15.
exd5 Nbxd5 16. Bd2 Bb4 17. Nxd5 Nxd5 18. Bg5 Qxg5 19. Qxd5 Rcd8 20. Qxb7 Rd4
21. f6 gxf6 22. Rf3 Rh4 23. g3 Rd4 24. Raf1 Rd2 25. Qe4 Rd4 26. Qb7 Rd2 27. Qe4
Rd4 28. Qb7 1/2-1/2